| 000 | 00401nam a2200145Ia 4500 | ||
|---|---|---|---|
| 008 | 210210b1994 xxu||||| |||| 00| 0 eng d | ||
| 020 | _a81 7022 506 X | ||
| 082 | _a363.15 DASH | ||
| 100 | _aDA SILVA GRACIAS (Fatima). | ||
| 245 | _aHealth and hygiene in colonial Goa. (1510-1961). | ||
| 260 |
_aND _bConcept Publishing Company. _c1994 |
||
| 300 | _a300 | ||
| 690 | _aSocial Welfare | ||
| 906 | _a050110 | ||
| 999 |
_c98554 _d98554 |
||